| 000 | 00691cam a2200133 4500500 | ||
|---|---|---|---|
| 005 | 20251214005045.0 | ||
| 041 | _afre | ||
| 042 | _adc | ||
| 100 | 1 | 0 |
_aAstier, Isabelle _eauthor |
| 245 | 0 | 0 | _aSociologie du social et de l'intervention sociale |
| 260 |
_bArmand Colin,
_c2010. |
||
| 520 | _a. Première synthèse introductive à cette thématique.. Permet un lien entre la connaissance du social et les nombreuses formations et métiers qui y sont attachés.. Fait le point sur les débats autour de la « métamorphoses du social. ». | ||
| 856 | 4 | 1 | _uhttps://shs.cairn.info/sociologie-du-social-et-de-l-intervention-sociale--9782200243265?lang=fr&redirect-ssocas=7080 |
| 999 |
_c1568626 _d1568626 |
||